00376nam a22001097a 4500082000800000100002700008245011400035260003600149300001200185650004400197700002500241 a004 aFakhar, Muhammad Zaman aPosition based Sentence Search for Encrypted Unstructured Data in Cloud Environment / cMuhammad Zaman Fakhar aIslamabad bCEME - NUST,c2013. a71 p. ; aComputer Software Engineering-MS-Thesis aDr. Shoab Ahmed Khan